Score 0/36 Timer 04:00
2 Plays Today
Clue 4-Letter Word % Correct
Quick kissPECK
93.8%
Belonging to meMINE
93.8%
○ Hit with the foot ○KICK
93.5%
Sneak a lookPEEK
92.4%
Choose; heavy toolPICK
90.9%
Device operated by a keyLOCK
90.9%
Cinderella's horses, after midnightMICE
90.5%
Made a statementSAID
90.1%
Anti-mugger sprayMACE
89.1%
Bound pagesBOOK
88.8%
Word spoken while pointingLOOK
88.4%
An absence or deficiencyLACK
88.4%
○ Rear; to support ○BACK
88.4%
Twisted loop in a hoseKINK
88.2%
Weasel-like animalMINK
87.4%
Johann Sebastian ____BACH
87.2%
Rapid surprise attackRAID
87.2%
On-campus lodgingDORM
86.7%
Clue 4-Letter Word % Correct
'The other white meat'PORK
86.4%
○ Cause of a game delay ○RAIN
86.1%
Went into a base hardSLID
85.9%
Short extract from a filmCLIP
85.8%
Left-hand side of a shipPORT
85.7%
Nerdy typeDORK
85.5%
A chick's cryPEEP
85.3%
Get ready for, for shortPREP
83.3%
Fall in the rankingsSLIP
82.9%
Speed of sound measureMACH
82.8%
○ Facebook entry ○POST
82.5%
Part of a stage setPROP
82%
Bitter rival of a 'Blood'CRIP
80.9%
Not a happy fateDOOM
79.9%
Intravenous processDRIP
78.2%
○ Least bit of [first rung] ○DROP
78.2%
○ Word with 'fire' or 'trap' ○DOOR
74.8%
Mannerless fellowBOOR
73%

Today's Daily Dose

Remove Ads.
Support Sporcle.
Get the best of Sporcle when you Go Orange. This ad-free experience offers more features, more stats, and more fun while also helping to support Sporcle. Thank you for becoming a member.

You're not logged in!

Compare scores with friends on all Sporcle quizzes.
OR
Log In

Show Comments

Extras

Top Quizzes Today


Score Distribution

Your Account Isn't Verified!

In order to create a playlist on Sporcle, you need to verify the email address you used during registration. Go to your Sporcle Settings to finish the process.

Report this User

Report this user for behavior that violates our Community Guidelines.

Details: